000 00783nam a2200253Ia 4500
003 OSt
005 20220930202319.0
006 a|||||r|||| 00| 0
007 ta
008 220926b |||||||| |||| 00| 0 hin d
024 _a86362
037 _cDissertations
040 _aCRL
_cCRL
_bhin
041 _2hin
_ahin
100 _aNayak Vibha
_9542916
110 _aUniversity of Delhi. Faculty of Arts. Department of Hindi
245 0 _aDiscovery chennel ki prastutiyoan mein Bharat
_b Feast India ke sandharbh mein
260 _c2006
650 _aHINDI LITERATURE
_923866
700 _a Dr. Sudha Singh Gu.
700 _aUniversity of Delhi. Faculty of Arts. Department of Hindi
942 _cDIS
_2CC
999 _c903043
_d903043